Jhagrapur: Poor peasants and women:A village in Bangladesh (Record no. 218290)

MARC details
000 -LEADER
fixed length control field 00411nam a2200157Ia 4500
008 - FIXED-LENGTH DATA ELEMENTS--GENERAL INFORMATION
fixed length control field 230917s9999||||xx |||||||||||||| ||und||
020 ## - ISBN
Price RS0.36
040 ## - CATALOGING SOURCE
-- 12298
Original cataloging agency VIVEKANANDA LIBRARY
041 ## - Language
-- English
082 ## - DDC NUMBER
Classification number 301.4443 A33J
100 ## - MAIN ENTRY--PERSONAL NAME
Personal name Arens, Jenneke
245 #0 - TITLE STATEMENT
Title Jhagrapur: Poor peasants and women:A village in Bangladesh
260 ## - PUBLICATION, DISTRIBUTION, ETC. (IMPRINT)
Place of publication, distribution, etc New Delhi
Name of publisher, distributor, etc Orient Langman
Date of publication, distribution, etc 1977
300 ## - PHYSICAL DESCRIPTION
Pages 211 p.
942 ## - ADDED ENTRY ELEMENTS (KOHA)
Koha item type Books
Holdings
Withdrawn status Lost status Damaged status Not for loan Location (home branch) Sublocation or collection (holding branch) Date acquired Koha issues (times borrowed) Koha full call number Accession No. Koha date last seen Koha item type
        VIVEKANANDA LIBRARY VIVEKANANDA LIBRARY 08/08/2002   301.4443 A33J 83036 17/09/2023 Books
© Designed and Maintained by Vivekananda Library, MDU Rohtak